Images par lettre - D - Statistiques

Statistiques générales
  • Ce quiz a été pris 387 fois
  • Le résultat moyen est 13 sur 15
Statistiques - réponses
Par images Réponse % Correct
98%
Dalmatien
97%
Danemark
97%
Dauphin
96%
Diamant
96%
Danse
95%
Disney
94%
Dentiste
93%
Disque
92%
Docteur
91%
Dame
89%
Dune
89%
Disco
88%
Dubaï
82%
Djibouti
37%
Aucun quiz correspondant
Distribution des résultats
% des personnes avec chaque résultat
Percentile par nombre de réponses
Votre historique - résultats
Vous n’avez pas pris ce quiz